000 00772nam a22002297a 4500
005 20250623103541.0
008 250623b |||||||| |||| 00| 0 eng d
020 _a978-93-5231-681-6 (hbk)
037 _cTB
040 _aCRL
_cCRL
041 _2pun
_apun
084 _aO153,1NSAx R4
_qCRL
100 _aਅਮਰ
_9159533
245 _aਹੂ
260 _aਪਟਿਆਲਾ, ਭਾਰਤ:
_bਸੰਗਮ ਪਬਲਿਸ਼ਰ,
_c2024.
300 _a176 ਪ.
365 _b295.00
_cINR
650 _aਪੰਜਾਬੀ ਸਾਹਿਤ
650 _aਪੰਜਾਬੀ ਕਾਵਿ
942 _2CC
_cTB
_hO153,1NSAx R4
_n0
999 _c1432128
_d1432128